1679 1490 1305 1378 1169 1916 1653 1347 1409 1992 1671 1639 1508 1183 1336 1638 1224 1622 1843 1770 1299 1518 1100 1141 1149 1244 1978 1635 1348 1370 1885 1699 1136 1638 1321 1991 1093 1572 1374 1704 1846 1345 1833 1309 1800 1866 1689 1793 1886 1804 1839 1827 1303 1126 1110 1202 1778 1780 1528 1792 1770 1010 1221 1282 1233 1313 1881 1004 1537 1862 1961 1604 1610 1349 1472 1465 1798 1700 1278 1125 1068 1584 1577 1132 1720 1762 1056 1418 1749 1805 1908 1463 1745 1724 1144 1535 1287 1161 1708 BCNSPRNW ULIB Ver.6.0+V

เปลี่ยนเป็นภาษาไทย

Change to English
 แสดงรายละเอียดบรรณานุกรม
  กลับหน้าหลัก

Brief Record : Get Marc (ISO 2709) : E-mail record : QR code < ปิดหน้าต่าง
LEADER : 00000nam 2200000uu 4500
001    13399120159
003     ULIB
008    110302s2553||||th 000 0 tha d
020    9789747787016(ล.2)
060 04 WY100^bพ342น ล.2
100 0  อภิญญา เพียรพิจารณ์
245 00 แนวคิดพื้นฐานและหลักการพยาบาล^nเล่ม 2 /^cบรรณาธิการ,อภิญญา เพียรพิจารณ์
250    พิมพ์ครั้งที่ 12
260    นนทบุรี :^bโครงการสวัสดิการวิชาการ สถาบันพระบรมราชชนก,^c2553
300    [20], 487 หน้า :^bภาพประกอบ ;^c26 ซม.
650  7 การพยาบาล
650  7 การพยาบาลเบื้องต้น
700 0  อภิญญา เพียรพิจารณ์,^eบรรณาธิการ
710 2  สถาบันพระบรมราชชนก. ^bโครงการสวัสดิการวิชาการ
945    ^p220^l0^i032749
945    ^p220^l0^i032750
945    ^p220^l0^i032751
945    ^p220^l0^i032752
945    ^p220^l0^i032753
995    ทศพร
999 ^a ใช้งานได้ทุกระบบ
รายการนี้ยังไม่มีแท็ก
คุณยังไม่ได้ล็อกอิน คุณสามารถมีกิจกรรมร่วมกับเว็บไซต์ได้ แต่ต้องล็อกอินก่อน ::
  ล็อกอิน

รายการสื่อสารสนเทศ

ลำดับที่ ประเภท เลขเรียก/บาร์โค้ด สถานที่ สถานะ
1. Book การพยาบาล
Book การพยาบาล
WY100 พ342น ล.2 ฉ.1 
  Barcode: 032749
ห้องสมุดวิทยาเขตนครสวรรค์
►ส่วนจัดเก็บหนังสือเก่า นว.
บนชั้น
  ขอยืม
2. Book การพยาบาล
Book การพยาบาล
WY100 พ342น ล.2 ฉ.2 
  Barcode: 032750
ห้องสมุดวิทยาเขตนครสวรรค์
►ส่วนจัดเก็บหนังสือเก่า นว.
บนชั้น
  ขอยืม
3. Book การพยาบาล
Book การพยาบาล
WY100 พ342น ล.2 ฉ.3 
  Barcode: 032751
ห้องสมุดวิทยาเขตนครสวรรค์
►ส่วนจัดเก็บหนังสือเก่า นว.
บนชั้น
  ขอยืม
4. Book การพยาบาล
Book การพยาบาล
WY100 พ342น ล.2 ฉ.4 
  Barcode: 032752
ห้องสมุดวิทยาเขตนครสวรรค์
►ส่วนจัดเก็บหนังสือเก่า นว.
บนชั้น
  ขอยืม
5. Book การพยาบาล
Book การพยาบาล
WY100 พ342น ล.2 ฉ.5 
  Barcode: 032753
ห้องสมุดวิทยาเขตนครสวรรค์
►ส่วนจัดเก็บหนังสือเก่า นว.
บนชั้น
  ขอยืม

รายการใกล้เคียง
    ผู้แต่ง [อภิญญา เพียรพิจารณ์]

    หัวเรื่อง [การพยาบาล]
    หัวเรื่อง [การพยาบาลเบื้องต้น]

BibComment


ยังไม่เคยถูกคอมเมนท์

คอมเมนท์ทรัพยากรรายการนี้
  คอมเมนท์: แนวคิดพื้นฐานและห..


 Copyright 2026. Bcnsprnw @Library